000 00987nam0a22002651 4500
001 rc\4415545
005 20130416153334.4
021 _aRU
_bП103-67
035 _a(NLR Aleph) 008304806
090 _a8659015
_c8659015
100 _a20130416d1966 |||y0rusy50 ca
101 0 _arus
102 _aRU
105 _ay z |||||
200 1 _aСовременное состояние рынка шерсти Австралии и Новой Зеландии
210 _aМосква
_cБ. и.
_d1966
215 _a32 с.
_d29
225 1 _aНаучно-исследовательский конъюнктурный институт МВТ СССР. Бюллетень иностранной коммерческой информации
_vПриложение № 8 (окт.)
300 _aНа обл. авт. не указан
700 1 _aЗаботина
_bГ. С.
801 0 _aRU
_bNLR
_gpsbo
801 1 _aRU
_bELAR
_2rusmarc
852 _aNLR
_jП24/34
942 _cBOOK
980 _aNB